• 首页
  • 本馆介绍
  • 公告通知
  • 最新文献
  • 馆藏检索
  • 电子资源
  • 读者导购
  • 参考咨询
  • 我的图书馆
  • 登录
  • 详细信息显示
  • 放入我的书架
  • 预约/预借图书
  • 作者相关作品
  • 分类相关作品
  • 丛书相关作品
  • 出版社相关作品

书目信息

  • 表格格式
  • 工作单格式
  • 卡片格式
题名:
颈肩腰背部按摩图解
    
 
作者: 艾群 , 田燕 主编 ;刘丽红 编著
分册:  
出版信息: 北京   金盾出版社  2012
页数: 182页
开本: 21cm
丛书名:
单 册:
中图分类: R274.915-64 , R274
科图分类:
主题词: 颈肩痛--按摩疗法(中医)--图解 , 腰腿痛--按摩疗法(中医)--图解 , 背痛--按摩疗法(中医)--图解 , 中医伤科学
电子资源:
ISBN: 978-7-5082-7389-1
000 01140nam0 2200325 450
001 1548938010
005 20150707133634.71
010    @a978-7-5082-7389-1@dCNY17.00
090    @aR274.9@baq
096    @aR244@baq
100    @a20120928d2012 em y0chiy50 ea
101 0  @achi
102    @aCN@b110000
105    @aa z 000yy
106    @ar
200 1  @a颈肩腰背部按摩图解@b专著@f艾群,田燕主编@g刘丽红[等]编著@Ajing jian yao bei bu an mo tu jie
210    @a北京@c金盾出版社@d2012
215    @a182页@d21cm
330    @a本书以图解的形式详细介绍了颈肩腰背疾病的病因、病理、发病机制、临床诊断、检查指标、穴位,常用按摩手法及按摩前的准备工作,并配有按摩操作示意图322幅。
606 0  @a颈肩痛@x按摩疗法(中医)@j图解
606 0  @a腰腿痛@x按摩疗法(中医)@j图解
606 0  @a背痛@x按摩疗法(中医)@j图解
606 0  @a中医伤科学
690    @aR274.915-64@v5
690    @aR274@v4
701  0 @a艾群@f(1966~)@4主编@Aai qun
701  0 @a田燕@c(女,@f1971~)@4主编@Atian yan
702  0 @a刘丽红@c(女,@f1979~)@4编著@Aliu li hong
801  0 @aCN@b大连网信软件有限公司图书馆·11@c20150707
905    @aZUCC@dR274@et8
    
    颈肩腰背部按摩图解/艾群,田燕主编/刘丽红[等]编著.-北京:金盾出版社,2012
    182页;21cm
    
    
    ISBN 978-7-5082-7389-1:CNY17.00
    本书以图解的形式详细介绍了颈肩腰背疾病的病因、病理、发病机制、临床诊断、检查指标、穴位,常用按摩手法及按摩前的准备工作,并配有按摩操作示意图322幅。
●
相关链接 在E读中查询图书 在五车中查询图书 在当当中查询图书 在豆瓣中查询图书


正题名:颈肩腰背部按摩图解     索取号:R274/t8         预约/预借

序号 登录号 条形码 馆藏地/架位号 状态 备注
1 6940440   269404405   密集书库-体育系/ [索取号:R274/t8] 在馆    
2 6940493   269404931   密集书库-体育系/ [索取号:R274/t8] 在馆    
唐山师范学院图书馆 欢迎您!
大连网信软件有限公司© 版权所有